000 00339nam a2200133Ia 4500
008 220216s9999 xx 000 0 und d
100 _aNor Mohd
245 0 _aPulp and paper from rubberwood
260 _bRubberwood: Processing and utilization
_c1994
300 _a201-206
650 _aRubberwood
700 _aYusoff Mohd
942 _cJS
999 _c66092
_d66092